MEGA GAME: Vegetables, herbs, and spices - Statistics

General Stats
  • This quiz has been taken 43 times
    40 since last reset
  • The average score is 55 of 101
Answer Stats
Picture Answer % Correct
Broccoli
96%
Cucumber
96%
Ginger
96%
Onion
96%
Pea
96%
Tomato
96%
Asparagus
93%
Carrot
93%
Cauliflower
93%
Cinnamon
93%
Garlic
93%
Potato
93%
Radish
93%
Corn
89%
Fennel
89%
Mint
89%
Mushroom
89%
Peanut
89%
Pumpkin
89%
Salt
89%
Sweet potato
89%
Zucchini/Courgette
89%
Cabbage
86%
Celery
86%
Hot pepper/Chili (pepper)/Chilli
86%
Turnip
86%
Artichoke
82%
Basil
82%
Bell pepper
82%
Eggplant/Aubergine
82%
Green onion/Scallion/Spring onion
82%
Spinach
82%
Leek
79%
Parsley
79%
Sugar
79%
Arugula/Rocket
75%
Cherry tomato
75%
Kale
75%
Okra/Gumbo
75%
Parsnip
75%
Pepper
75%
Shallot
75%
Star anise
75%
Vanilla
75%
Beetroot/Beet
71%
Lettuce
71%
Bok choy/Bok choi/Pak choi
68%
Rosemary
68%
Green bean
64%
Wasabi
64%
Mustard
61%
Sage
61%
Butternut squash
57%
Turmeric
57%
Yam
57%
Horseradish
54%
Paprika
54%
Thyme
54%
Black bean
50%
Brussels sprout
50%
Endive/Chicory
50%
Nori
50%
Lemongrass
46%
Taro
46%
Oregano
43%
Kelp
39%
Cassava/Manioc
36%
Jicama
36%
Kohlrabi
36%
Watercress
36%
Bitter melon
32%
Celeriac
32%
Chard
29%
Galangal
29%
Chayote
25%
Kangkong/Water spinach
21%
Radicchio
21%
Collard/Collard greens
18%
Moringa
18%
Chickpea
14%
Shiso
14%
Sorrel
14%
Bamboo shoot
11%
Napa cabbage
11%
Sesame seed
11%
Tomatillo
11%
Daikon radish/White radish
7%
Garlic chive
7%
Lima bean
7%
Chervil
4%
Culantro
4%
Dandelion greens
4%
Frisée/Curly endive
4%
Luffa
4%
Adzuki/Aduki/Azuki
0%
Amaranth
0%
Katuk/Star gooseberry
0%
Malabar spinach
0%
Snake gourd
0%
Vietnamese cilantro/Vietnamese coriander
0%
Yardlong bean
0%
No matching quizzes found
Score Distribution
Percent of People with Each Score
Percentile by Number Answered
Your Score History
You have not taken this quiz since the last reset